000
00280nam a2200121Ia 4500
008
220204s9999 xx 000 0 und d
082
_a
301.15
_b
MOO
100
_a
Moore, W E
245
0
_a
Social change
250
_a
Ed.2
260
_a
New Delhi
_b
Prentice Hall
_c
1978
942
_c
BK
999
_c
29209
_d
29209